Teşkilatlanma sorunları ve başlıca faaliyetleri açısından Türkiyede işçi sendikacılığı (1960-1968)/ (Record no. 38235)
| 000 -BAŞLIK | |
|---|---|
| Sabit Uzunluktaki Kontrol Alanı | 01638nam a22004817a 4500 |
| 001 - KONTROL NUMARASI | |
| Control Dosyası | 0038399 |
| 003 - KONTROL NUMARASI KİMLİĞİ | |
| Kontrol Alanı | KOHA_MİRAKIL |
| 005 - EN SON İŞLEM TARİHİ ve ZAMANI | |
| Kontrol Alanı | 20260210131025.0 |
| 007 - FİZİKSEL TANIM SABİT ALAN - GENEL BİLGİ | |
| Sabit uzunluklu kontrol alanı | ta |
| 008 - SABİT UZUNLUKTAKİ VERİ ÖGELERİ - GENEL BİLGİ | |
| Sabit Alan | 120910b1977 tu |||gr||||#||||0|tur | |
| 040 ## - KATALOGLAMA KAYNAĞI | |
| Özgün Kataloglama Kurumu | TR-BiSEU |
| Kataloglama Dili | tur |
| Çeviri Kurumu | TR-BiSEU |
| Açıklama Kuralları | rda |
| 041 0# - DİL KODU | |
| Metin ya da ses kaydının dil kodu | tur |
| 044 ## - YAYINLAYAN/ÜRETEN KURULUŞUN ÜLKE KODU | |
| ISO country code | tu |
| 050 ## - SINIFLAMA ve YER NUMARASI | |
| Sınıflama Numarası | HD6796.7 |
| Yer Numarası | .K88 1977 |
| 100 1# - KİŞİ ADI | |
| Yazar Adı (Kişi adı) | Kutal, Gülten. |
| 245 1# - ESER ADI BİLDİRİMİ | |
| Başlık | Teşkilatlanma sorunları ve başlıca faaliyetleri açısından Türkiyede işçi sendikacılığı (1960-1968)/ |
| Sorumluluk Bildirimi | Gülten Kutal ; Gülten Kutal. |
| 264 #1 - ÜRERİM, YAYIN, DAĞITIM ve TELİF BİLDİRİMİ | |
| Yayın yeri | İstanbul : |
| Yayınlayan | İstanbul Üniversitesi |
| Yayın tarihi | 1977 |
| 300 ## - FİZİKSEL TANIMLAMA | |
| Sayfa, Cilt vb. | viii, 304 sayfa |
| 336 ## - İÇERİK TÜRÜ | |
| Content type term | metin |
| Content type code | txt |
| Source | rdacontent |
| 337 ## - MEDYA TÜRÜ | |
| Media type term | aracısız |
| Media type code | n |
| Source | rdamedia |
| 338 ## - TAŞIYICI TÜRÜ | |
| Carrier type term | cilt |
| Carrier type code | nc |
| Source | rdacarrier |
| 490 1# - DİZİ BİLDİRİMİ | |
| Dizi Bildirimi | İstanbul Üniversitesi yayın ; |
| Cilt Numarası | no. |
| 490 1# - DİZİ BİLDİRİMİ | |
| Dizi Bildirimi | 2314. |
| 490 1# - DİZİ BİLDİRİMİ | |
| Dizi Bildirimi | İktisat Fakültesi yayın ; |
| Cilt Numarası | no. |
| 490 1# - DİZİ BİLDİRİMİ | |
| Dizi Bildirimi | 393. |
| 490 1# - DİZİ BİLDİRİMİ | |
| Dizi Bildirimi | İktisat ve İçtimaiyat Enstitüsü yayın ; |
| Cilt Numarası | no. |
| 490 1# - DİZİ BİLDİRİMİ | |
| Dizi Bildirimi | 79. |
| 490 1# - DİZİ BİLDİRİMİ | |
| Dizi Bildirimi | Sosyal Geliştirme ve Araştırma Enstitüsü yayın ; |
| Cilt Numarası | no. |
| 490 1# - DİZİ BİLDİRİMİ | |
| Dizi Bildirimi | 3. |
| 500 ## - GENEL NOT | |
| Genel Not | Tez (Doktora)-- İ.Ü, 1970. |
| 500 ## - GENEL NOT | |
| Genel Not | Kaynakça var. |
| 650 #0 - KONU BAŞLIĞI EK GİRİŞ - KONU TERİMİ | |
| Konusal terim veya coğrafi ad | Labor unions--Turkey. |
| 9 (RLIN) | 64060 |
| 650 #0 - KONU BAŞLIĞI EK GİRİŞ - KONU TERİMİ | |
| Konusal terim veya coğrafi ad | İşçi sendikaları |
| Coğrafi Alt Konu | Türkiye |
| 9 (RLIN) | 64059 |
| 830 1# - SERİ EK GİRİŞİ - TEKBİÇİM ESER ADI | |
| Tekbiçim Başlık | İstanbul Üniversitesi yayın ; |
| Volume number/sequential designation | no. |
| 9 (RLIN) | 12392 |
| 830 1# - SERİ EK GİRİŞİ - TEKBİÇİM ESER ADI | |
| Tekbiçim Başlık | 2314. |
| 9 (RLIN) | 71756 |
| 830 1# - SERİ EK GİRİŞİ - TEKBİÇİM ESER ADI | |
| Tekbiçim Başlık | İktisat Fakültesi yayın ; |
| Volume number/sequential designation | no. |
| 9 (RLIN) | 19578 |
| 830 1# - SERİ EK GİRİŞİ - TEKBİÇİM ESER ADI | |
| Tekbiçim Başlık | 393. |
| 9 (RLIN) | 42119 |
| 830 1# - SERİ EK GİRİŞİ - TEKBİÇİM ESER ADI | |
| Tekbiçim Başlık | İktisat ve İçtimaiyat Enstitüsü yayın ; |
| Volume number/sequential designation | no. |
| 9 (RLIN) | 71757 |
| 830 1# - SERİ EK GİRİŞİ - TEKBİÇİM ESER ADI | |
| Tekbiçim Başlık | 79. |
| 9 (RLIN) | 7849 |
| 830 1# - SERİ EK GİRİŞİ - TEKBİÇİM ESER ADI | |
| Tekbiçim Başlık | Sosyal Geliştirme ve Araştırma Enstitüsü yayın ; |
| Volume number/sequential designation | no. |
| 9 (RLIN) | 71758 |
| 830 1# - SERİ EK GİRİŞİ - TEKBİÇİM ESER ADI | |
| Tekbiçim Başlık | 3. |
| 9 (RLIN) | 5553 |
| 942 ## - EK GİRİŞ ÖGELERİ (KOHA) | |
| Source of classification or shelving scheme | Library of Congress Classification |
| Koha item type | Book |
| Materyal Türü | Kalıcı Konum | Mevcut Konum | Raf Yeri | Sınıflandırma Kaynağı | Edinim Bilgisi | Ana Konular | Alt Konular | Yer Numarası | Demirbaş Numarası | Fatura Tarihi | Geri Çekilme Durumu | Kayıp Durumu | Hasarlı Durumu | Kredi için değil | Kayıt Tarih | Toplam Ödünçverme | Son Görülme Tarihi | Son Kontrol Tarihi | Genel / Bağış Notu |
|---|---|---|---|---|---|---|---|---|---|---|---|---|---|---|---|---|---|---|---|
| Book | Prof. Dr. Azmi Özcan Kütüphanesi | Prof. Dr. Azmi Özcan Kütüphanesi | Uluğbey Salonu | Library of Congress Classification | Bağış | SOSYAL BİLİMLER | Endüstriler, Arazi Kullanımı, İşgücü | HD6796.7 .K88 1977 | 0038399 | 02/02/2026 | 10/09/2012 | 15 | 05/12/2024 | 05/12/2024 | Genel Bağış |
